Panduan bergaul dengan Al-Quran

Bibliographic Details
Main Author: Shalah Abd Fatah Al-Khalidy
Format: Book
Published: Kuala Lumpur : Penerbitan Kintan Sdn Bhd , 19-?
Subjects:

MARC

LEADER 00000cam a2200000 7i4500
001 0000009030
002 000009840
005 20000330.0
020 |a 9838191159 
090 0 0 |a 297.122   |b SHA 
100 0 |a Shalah Abd Fatah Al-Khalidy   |f Dr 
245 1 0 |a Panduan bergaul dengan Al-Quran   |c Dr.Shalah Abd.Fattah Al-Khalidy 
260 |a Kuala Lumpur :   |b Penerbitan Kintan Sdn Bhd ,   |c 19-? 
300 |a 209p. ;   |c 21cm. 
650 0 0 |a Quran 
999 |a 044074   |b BUKU   |c PINJAMAN   |e PERPUSTAKAAN KOMUNITI PETALING JAYA 
999 |a 044075   |b BUKU   |c PINJAMAN   |e PERPUSTAKAAN KOMUNITI PETALING JAYA